Countries With More Than 100 Million People in 2100 - Sudden Death - Statistics

General Stats
  • This quiz has been taken 6 times
  • The average score is 5 of 12
Answers on the Grid
Answers color-coded by a green-red scale on the quiz's grid according to % correct below.
Indonesia
Afghanistan
Iraq
Ivory Coast
Mozambique
Kenya
Yemen
Angola
Sudan
Mexico
Uganda
Tanzania
Vietnam
Japan
Thailand
Iran
France
Turkey
Cameroon
Myanmar
Madagascar
 
Answer Stats
Answer % Correct
Mexico
100%
Indonesia
80%
Iraq
40%
Kenya
40%
Uganda
40%
Yemen
40%
Afghanistan
20%
Angola
20%
Ivory Coast
20%
Mozambique
20%
Sudan
20%
Tanzania
20%
No matching quizzes found
Score Distribution
Percent of People with Each Score
Percentile by Number Answered
Your Score History
You have not taken this quiz